000 00665nam a2200241Ia 4500
003 OSt
005 20220918222218.0
006 a|||||r|||| 00| 0
007 ta
008 220917b |||||||| |||| 00| 0 eng d
024 _a216,039
037 _cTextual
040 _aARTS
_cARTS
_beng
041 _2eng
_aeng
082 _a2:72:(D65,8[B]), N8(2D)
100 _aMann Thomas
_955945
245 0 _aOxford guide to library research
260 _aNew York
_bOxford university press
_c1998
300 _axx, 316 p
_ccm.
650 _aLIBRARY SCIENCE
942 _h2:72:(D65,8[B]), N8(2D)
_cTEXL
_2CC
999 _c274799
_d274799